[Event "Greek Championship 2018"]
[Site "Thessaloniki"]
[Date "2018.12.13"]
[Round "2.1"]
[White "Kanakaris, Georgios"]
[Black "Kourkoulos-Arditis, Stamatis"]
[Result "0-1"]
[BlackElo "2424"]
[WhiteElo "2401"]
[LiveChessVersion "1.4.8"]

1. d4 {[%clk 1:30:56]} Nf6 {[%clk 1:30:54]} 2. c4 {[%clk 1:31:09]} g6
{[%clk 1:31:20]} 3. Nf3 {[%clk 1:31:28]} Bg7 {[%clk 1:31:47]} 4. g3
{[%clk 1:31:53]} O-O {[%clk 1:32:08]} 5. Bg2 {[%clk 1:32:17]} d6 {[%clk 1:32:35]}
6. O-O {[%clk 1:32:32]} Nc6 {[%clk 1:33:02]} 7. Nc3 {[%clk 1:32:47]} Bf5
{[%clk 1:33:07]} 8. d5 {[%clk 1:15:17]} Na5 {[%clk 1:33:25]} 9. Nd2
{[%clk 1:15:20]} c6 {[%clk 1:32:40]} 10. h3 {[%clk 0:52:32]} cxd5
{[%clk 1:12:54]} 11. cxd5 {[%clk 0:52:57]} Rc8 {[%clk 1:12:00]} 12. e4
{[%clk 0:53:09]} Bd7 {[%clk 1:12:27]} 13. Rb1 {[%clk 0:27:33]} e6
{[%clk 0:55:14]} 14. dxe6 {[%clk 0:23:37]} Bxe6 {[%clk 0:55:38]} 15. Nf3
{[%clk 0:23:24]} Rxc3 {[%clk 0:53:19]} 16. bxc3 {[%clk 0:23:04]} Nxe4
{[%clk 0:53:45]} 17. Bd2 {[%clk 0:18:40]} Bxa2 {[%clk 0:48:57]} 18. Rb4
{[%clk 0:17:09]} Bc4 {[%clk 0:41:33]} 19. Re1 {[%clk 0:17:35]} d5
{[%clk 0:41:01]} 20. Nd4 {[%clk 0:16:53]} Nc5 {[%clk 0:41:16]} 21. Rb1
{[%clk 0:14:02]} Nc6 {[%clk 0:34:51]} 22. Be3 {[%clk 0:08:55]} Nd3
{[%clk 0:34:56]} 23. Re2 {[%clk 0:06:22]} Qc8 {[%clk 0:23:44]} 24. Rd2
{[%clk 0:06:12]} Nde5 {[%clk 0:24:05]} 25. f4 {[%clk 0:05:16]} Nd7
{[%clk 0:24:12]} 26. Nb5 {[%clk 0:04:42]} Bxb5 {[%clk 0:21:16]} 27. Rxb5
{[%clk 0:05:07]} Nf6 {[%clk 0:21:43]} 28. Kh2 {[%clk 0:04:15]} Re8
{[%clk 0:20:10]} 29. Rd3 {[%clk 0:03:42]} a6 {[%clk 0:15:23]} 30. Rc5
{[%clk 0:03:26]} b6 {[%clk 0:15:19]} 31. Rcxd5 {[%clk 0:03:30]} Nxd5
{[%clk 0:14:41]} 32. Bxd5 {[%clk 0:03:56]} Ne7 {[%clk 0:12:10]} 33. Ba2
{[%clk 0:03:51]} b5 {[%clk 0:07:45]} 34. Qb3 {[%clk 0:04:17]} Rf8
{[%clk 0:07:43]} 35. c4 {[%clk 0:02:07]} Nf5 {[%clk 0:03:21]} 36. cxb5
{[%clk 0:01:46]} axb5 {[%clk 0:03:47]} 37. Bf2 {[%clk 0:02:01]} Qc7
{[%clk 0:03:05]} 38. Qd5 {[%clk 0:01:29]} h5 {[%clk 0:01:05]} 39. Kg2
{[%clk 0:01:39]} b4 {[%clk 0:01:08]} 40. g4 {[%clk 0:31:00]} hxg4
{[%clk 0:31:28]} 41. hxg4 {[%clk 0:31:22]} Nh6 {[%clk 0:25:48]} 42. Kf3
{[%clk 0:18:40]} Qc8 {[%clk 0:21:04]} 43. Qd7 {[%clk 0:19:01]} Qc1
{[%clk 0:21:30]} 44. Re3 {[%clk 0:14:30]} Qh1+ {[%clk 0:19:37]} 45. Kg3
{[%clk 0:14:54]} Bf6 {[%clk 0:19:35]} 46. f5 {[%clk 0:13:10]} Bh4+
{[%clk 0:19:49]} 47. Kf4 {[%clk 0:13:36]} Bxf2 {[%clk 0:20:15]} 0-1

[Event "Greek Championship 2018"]
[Site "Thessaloniki"]
[Date "2018.12.13"]
[Round "2.3"]
[White "Ioannidis, Evgenios"]
[Black "Makka, Evanthia"]
[Result "1-0"]
[BlackElo "2084"]
[WhiteElo "2382"]
[LiveChessVersion "1.4.8"]

1. d4 {[%clk 1:30:52]} d5 {[%clk 1:30:04]} 2. c4 {[%clk 1:31:07]} e6
{[%clk 1:30:18]} 3. Nc3 {[%clk 1:31:11]} Nf6 {[%clk 1:30:26]} 4. cxd5
{[%clk 1:31:14]} exd5 {[%clk 1:30:39]} 5. Bg5 {[%clk 1:31:30]} c6
{[%clk 1:30:19]} 6. e3 {[%clk 1:31:20]} h6 {[%clk 1:27:19]} 7. Bh4
{[%clk 1:31:21]} Bd6 {[%clk 1:26:27]} 8. Bd3 {[%clk 1:31:12]} O-O
{[%clk 1:23:17]} 9. Nge2 {[%clk 1:30:58]} Nbd7 {[%clk 1:22:37]} 10. h3
{[%clk 1:30:04]} Re8 {[%clk 1:21:32]} 11. Qc2 {[%clk 1:24:54]} Nf8
{[%clk 1:06:32]} 12. O-O-O {[%clk 1:17:37]} a5 {[%clk 0:57:52]} 13. g4
{[%clk 1:13:52]} Be7 {[%clk 0:49:45]} 14. f3 {[%clk 1:09:24]} N6h7
{[%clk 0:39:30]} 15. Bxe7 {[%clk 1:03:07]} Rxe7 {[%clk 0:35:47]} 16. e4
{[%clk 1:03:02]} Ng5 {[%clk 0:21:51]} 17. exd5 {[%clk 0:59:54]} Nxf3
{[%clk 0:20:24]} 18. dxc6 {[%clk 0:59:54]} bxc6 {[%clk 0:20:24]} 19. Be4
{[%clk 0:59:54]} Ng5 {[%clk 0:20:24]} 20. Bxc6 {[%clk 0:59:54]} Bb7
{[%clk 0:20:24]} 21. d5 {[%clk 0:59:54]} Qc8 {[%clk 0:20:24]} 22. Nd4
{[%clk 0:59:54]} Nd7 {[%clk 0:20:24]} 23. Nf5 {[%clk 0:59:54]} 1-0

[Event "Greek Championship 2018"]
[Site "Thessaloniki"]
[Date "2018.12.13"]
[Round "2.4"]
[White "Nikolaidis, Ioannis"]
[Black "Grivas, Efstratios"]
[Result "1/2-1/2"]
[BlackElo "2424"]
[WhiteElo "2564"]
[LiveChessVersion "1.4.8"]

1. d4 {[%clk 1:30:43]} f5 {[%clk 1:30:44]} 2. Bf4 {[%clk 1:29:55]} Nf6
{[%clk 1:29:55]} 3. e3 {[%clk 1:29:52]} e6 {[%clk 1:26:17]} 4. Nf3
{[%clk 1:27:27]} Bd6 {[%clk 1:23:24]} 5. Bxd6 {[%clk 1:22:30]} cxd6
{[%clk 1:23:37]} 6. c4 {[%clk 1:22:37]} O-O {[%clk 1:19:42]} 7. Nc3
{[%clk 1:19:47]} b6 {[%clk 1:17:05]} 8. d5 {[%clk 1:11:13]} Na6 {[%clk 1:10:02]}
9. Be2 {[%clk 1:03:27]} Bb7 {[%clk 0:54:14]} 10. O-O {[%clk 0:57:59]} Nc7
{[%clk 0:44:34]} 11. Qb3 {[%clk 0:55:23]} exd5 {[%clk 0:40:18]} 12. cxd5
{[%clk 0:54:35]} Ba6 {[%clk 0:40:13]} 13. Qc2 {[%clk 0:43:38]} Bxe2
{[%clk 0:39:27]} 14. Qxe2 {[%clk 0:43:20]} Qe7 {[%clk 0:38:45]} 15. Rfd1
{[%clk 0:42:31]} Rac8 {[%clk 0:31:16]} 16. Rd4 {[%clk 0:41:24]} Ng4
{[%clk 0:23:23]} 17. Rad1 {[%clk 0:39:50]} Ne8 {[%clk 0:13:48]} 18. h3
{[%clk 0:29:35]} Ne5 {[%clk 0:14:00]} 19. Ra4 {[%clk 0:25:20]} a5
{[%clk 0:11:39]} 20. Nd2 {[%clk 0:19:55]} Nf6 {[%clk 0:10:10]} 21. f4
{[%clk 0:17:55]} Nf7 {[%clk 0:10:38]} 22. Qd3 {[%clk 0:16:32]} g6
{[%clk 0:07:06]} 23. e4 {[%clk 0:14:39]} fxe4 {[%clk 0:07:20]} 24. Ndxe4
{[%clk 0:14:43]} Nxe4 {[%clk 0:07:08]} 25. Rxe4 {[%clk 0:14:30]} Qf6
{[%clk 0:07:31]} 26. Qe3 {[%clk 0:13:44]} b5 {[%clk 0:07:38]} 27. a3
{[%clk 0:12:24]} Rb8 {[%clk 0:05:29]} 28. Rd2 {[%clk 0:11:10]} b4
{[%clk 0:05:42]} 29. axb4 {[%clk 0:11:35]} axb4 {[%clk 0:05:06]} 30. Ne2
{[%clk 0:09:32]} Nh6 {[%clk 0:04:07]} 31. g4 {[%clk 0:09:32]} Nf7
{[%clk 0:04:31]} 32. Ng3 {[%clk 0:06:37]} h6 {[%clk 0:04:14]} 33. Kg2
{[%clk 0:04:37]} b3 34. Qd4 {[%clk 0:04:00]} Qxd4 {[%clk 0:03:33]} 35. Rdxd4
{[%clk 0:03:38]} Rfc8 {[%clk 0:03:49]} 36. Rc4 {[%clk 0:04:02]} Rc5
{[%clk 0:03:38]} 37. Rxc5 {[%clk 0:01:48]} dxc5 {[%clk 0:04:00]} 1/2-1/2

[Event "Greek Championship 2018"]
[Site "Thessaloniki"]
[Date "2018.12.13"]
[Round "2.5"]
[White "Skaperdas, Kostantinos"]
[Black "Mastrovasilis, Athanasios"]
[Result "0-1"]
[BlackElo "2510"]
[WhiteElo "2231"]
[LiveChessVersion "1.4.8"]

1. e4 {[%clk 1:30:59]} e5 {[%clk 1:30:41]} 2. Nf3 {[%clk 1:31:27]} Nc6
{[%clk 1:31:04]} 3. Bb5 {[%clk 1:31:54]} a6 {[%clk 1:31:21]} 4. Ba4
{[%clk 1:32:24]} Nf6 {[%clk 1:31:39]} 5. O-O {[%clk 1:32:37]} b5 {[%clk 1:31:41]}
6. Bb3 {[%clk 1:33:07]} Bb7 {[%clk 1:31:56]} 7. Nc3 {[%clk 1:27:38]} Be7
{[%clk 1:30:47]} 8. d3 {[%clk 1:08:05]} O-O {[%clk 1:30:27]} 9. a3
{[%clk 0:57:16]} d6 {[%clk 1:24:24]} 10. Nd5 {[%clk 0:53:31]} Nxd5
{[%clk 1:21:36]} 11. Bxd5 {[%clk 0:53:59]} Bf6 {[%clk 1:21:48]} 12. c3
{[%clk 0:42:36]} Qc8 {[%clk 1:14:48]} 13. Bg5 {[%clk 0:38:46]} Bxg5
{[%clk 1:01:40]} 14. Nxg5 {[%clk 0:37:35]} h6 {[%clk 1:01:52]} 15. Nxf7
{[%clk 0:28:52]} Rxf7 {[%clk 1:01:25]} 16. Qb3 {[%clk 0:22:26]} Nd8
{[%clk 0:51:30]} 17. Bxf7+ {[%clk 0:22:46]} Nxf7 {[%clk 0:51:54]} 18. f4
{[%clk 0:23:12]} c5 {[%clk 0:48:52]} 19. c4 {[%clk 0:16:44]} exf4
{[%clk 0:34:43]} 20. cxb5 {[%clk 0:15:28]} g5 {[%clk 0:32:59]} 21. g3
{[%clk 0:09:03]} d5 {[%clk 0:29:02]} 22. bxa6 {[%clk 0:02:49]} Rxa6
{[%clk 0:28:37]} 23. Rae1 {[%clk 0:03:11]} c4 {[%clk 0:20:46]} 24. Qc3
{[%clk 0:03:31]} dxe4 {[%clk 0:15:38]} 25. dxe4 {[%clk 0:00:39]} Qc5+
{[%clk 0:14:31]} 26. Kg2 {[%clk 0:00:32]} Re6 {[%clk 0:10:34]} 27. gxf4
{[%clk 0:00:53]} Bxe4+ {[%clk 0:10:50]} 28. Kh3 {[%clk 0:00:32]} Qf5+
{[%clk 0:09:51]} 29. Kg3 {[%clk 0:00:53]} gxf4+ {[%clk 0:09:49]} 30. Kf2
{[%clk 0:01:13]} Rg6 {[%clk 0:07:23]} 31. Rg1 {[%clk 0:01:27]} Qc5+
{[%clk 0:07:31]} 0-1

[Event "Greek Women Ch 2018"]
[Site "?"]
[Date "2018.12.13"]
[Round "2.3"]
[White "Grapsa, Georgia"]
[Black "Tsivelekidou, Evgenia"]
[Result "1/2-1/2"]
[BlackElo "1861"]
[WhiteElo "2097"]
[LiveChessVersion "1.4.8"]

1. d4 {[%clk 1:30:56]} Nf6 {[%clk 1:30:56]} 2. c4 {[%clk 1:31:20]} e6
{[%clk 1:31:22]} 3. g3 {[%clk 1:30:16]} Bb4+ {[%clk 1:31:46]} 4. Nd2
{[%clk 1:30:39]} O-O {[%clk 1:31:10]} 5. a3 {[%clk 1:30:48]} Be7 {[%clk 1:31:00]}
6. Bg2 {[%clk 1:28:37]} d5 {[%clk 1:30:26]} 7. Ngf3 {[%clk 1:28:53]} b6
{[%clk 1:28:44]} 8. O-O {[%clk 1:28:23]} Bb7 {[%clk 1:28:00]} 9. Ne5
{[%clk 1:24:47]} Nbd7 {[%clk 1:24:41]} 10. cxd5 {[%clk 1:24:34]} exd5
{[%clk 1:23:30]} 11. Qc2 {[%clk 1:17:03]} Nxe5 {[%clk 1:19:04]} 12. dxe5
{[%clk 1:17:28]} Nd7 {[%clk 1:19:15]} 13. Nf3 {[%clk 1:15:22]} c5
{[%clk 1:15:25]} 14. h4 {[%clk 1:13:42]} Re8 {[%clk 1:02:12]} 15. Rd1
{[%clk 0:54:07]} Qc8 {[%clk 0:44:57]} 16. Bh3 {[%clk 0:52:48]} Qc6
{[%clk 0:41:17]} 17. Bf4 {[%clk 0:38:25]} Nf8 {[%clk 0:34:23]} 18. Bg2
{[%clk 0:33:07]} d4 {[%clk 0:28:41]} 19. Rac1 {[%clk 0:24:16]} a5
{[%clk 0:26:00]} 20. Rxd4 {[%clk 0:19:10]} cxd4 {[%clk 0:21:41]} 21. Qxc6
{[%clk 0:19:23]} Bxc6 {[%clk 0:22:09]} 22. Rxc6 Ne6 {[%clk 0:20:12]} 23. Bd2
{[%clk 0:16:33]} Rab8 {[%clk 0:19:15]} 24. Bh3 {[%clk 0:16:08]} Bf8
{[%clk 0:15:05]} 25. Bxe6 {[%clk 0:11:05]} Rxe6 {[%clk 0:15:14]} 26. Rc4
{[%clk 0:10:41]} Rd8 {[%clk 0:08:46]} 27. a4 {[%clk 0:04:33]} h6 {[%clk 0:04:23]}
28. Nxd4 {[%clk 0:03:14]} Rxe5 {[%clk 0:03:55]} 29. Nc6 Rxe2 {[%clk 0:02:59]} 30.
Nxd8 {[%clk 0:02:27]} Rxd2 {[%clk 0:03:12]} 31. Rc8 {[%clk 0:02:50]} g6
{[%clk 0:02:11]} 32. Nc6 {[%clk 0:01:48]} Kg7 {[%clk 0:01:59]} 33. Ne5
{[%clk 0:00:31]} Bc5 {[%clk 0:00:40]} 34. Nc4 {[%clk 0:00:56]} Re2
{[%clk 0:00:44]} 35. Nxa5 {[%clk 0:00:49]} Bxf2+ {[%clk 0:00:40]} 36. Kf1
{[%clk 0:01:08]} Rxb2 {[%clk 0:00:49]} 37. Nc4 {[%clk 0:01:25]} Ra2
{[%clk 0:00:56]} 38. h5 {[%clk 0:00:40]} Bd4 {[%clk 0:00:45]} 39. hxg6
{[%clk 0:00:53]} Kxg6 {[%clk 0:01:03]} 40. Rc6+ {[%clk 0:30:36]} Kg5
{[%clk 0:30:51]} 41. Nxb6 {[%clk 0:30:54]} Bxb6 {[%clk 0:30:45]} 42. Rxb6
{[%clk 0:31:17]} Rxa4 {[%clk 0:31:10]} 43. Kg2 {[%clk 0:31:10]} Kg4
{[%clk 0:22:18]} 44. Rxh6 {[%clk 0:31:12]} Ra2+ {[%clk 0:22:42]} 45. Kf1
{[%clk 0:31:38]} f5 {[%clk 0:19:28]} 46. Rf6 {[%clk 0:31:41]} 1/2-1/2

[Event "Greek Women Ch 2018"]
[Site "?"]
[Date "2018.12.13"]
[Round "2.5"]
[White "Markantonaki, Haritomeni"]
[Black "Pavlidou, Ekaterini"]
[Result "1/2-1/2"]
[BlackElo "2185"]
[WhiteElo "2152"]
[LiveChessVersion "1.4.8"]

1. e4 {[%clk 1:30:56]} e5 {[%clk 1:30:40]} 2. Nf3 {[%clk 1:31:19]} Nc6
{[%clk 1:30:53]} 3. Bb5 {[%clk 1:31:34]} a6 {[%clk 1:31:11]} 4. Ba4
{[%clk 1:31:59]} Nf6 {[%clk 1:31:24]} 5. O-O {[%clk 1:32:08]} Be7
{[%clk 1:31:29]} 6. Re1 {[%clk 1:32:05]} b5 {[%clk 1:31:43]} 7. Bb3
{[%clk 1:32:26]} O-O {[%clk 1:30:46]} 8. d4 {[%clk 1:31:50]} d6 {[%clk 1:26:39]}
9. c3 {[%clk 1:31:39]} Bg4 {[%clk 1:23:24]} 10. d5 {[%clk 1:31:21]} Na5
{[%clk 1:22:13]} 11. Bc2 {[%clk 1:31:40]} c6 {[%clk 1:19:41]} 12. h3
{[%clk 1:30:38]} Bh5 {[%clk 1:19:03]} 13. dxc6 {[%clk 1:28:06]} Nxc6
{[%clk 1:17:43]} 14. Nbd2 {[%clk 1:25:27]} Qd7 {[%clk 1:09:56]} 15. Nf1
{[%clk 1:23:36]} Bd8 {[%clk 1:07:28]} 16. Ng3 {[%clk 1:18:55]} Bg6
{[%clk 1:07:11]} 17. a4 {[%clk 1:11:41]} Bb6 {[%clk 1:05:53]} 18. Bg5
{[%clk 1:04:08]} Nh5 {[%clk 0:51:23]} 19. Nf5 {[%clk 1:01:23]} f6
{[%clk 0:48:00]} 20. Be3 {[%clk 0:56:16]} Bxe3 {[%clk 0:47:11]} 21. fxe3
{[%clk 0:53:38]} Bxf5 {[%clk 0:37:15]} 22. exf5 {[%clk 0:54:03]} d5
{[%clk 0:32:12]} 23. g4 {[%clk 0:44:12]} e4 {[%clk 0:29:54]} 24. Bxe4
{[%clk 0:43:41]} Rad8 {[%clk 0:30:17]} 25. Bc2 {[%clk 0:40:45]} Ng3
{[%clk 0:30:34]} 26. Kg2 {[%clk 0:36:31]} Qc7 {[%clk 0:30:28]} 27. axb5
{[%clk 0:32:33]} axb5 {[%clk 0:27:23]} 28. Nd4 {[%clk 0:31:50]} Ne4
{[%clk 0:24:36]} 29. Bxe4 {[%clk 0:30:09]} dxe4 {[%clk 0:25:04]} 30. Qb3+
{[%clk 0:26:57]} Kh8 {[%clk 0:25:27]} 31. Qxb5 {[%clk 0:25:06]} Rb8
{[%clk 0:17:21]} 32. Qe2 {[%clk 0:21:37]} Ne5 {[%clk 0:17:43]} 33. Ne6
{[%clk 0:19:59]} Qb7 {[%clk 0:17:59]} 34. Nxf8 {[%clk 0:19:49]} Rxf8
{[%clk 0:18:28]} 35. b4 {[%clk 0:14:07]} Qc7 {[%clk 0:16:49]} 36. c4
{[%clk 0:11:44]} h5 {[%clk 0:14:50]} 37. c5 {[%clk 0:09:49]} Nf3 {[%clk 0:14:15]}
38. Rh1 {[%clk 0:08:03]} h4 {[%clk 0:11:28]} 39. Rad1 {[%clk 0:07:11]} Rb8
{[%clk 0:10:17]} 40. Rd6 {[%clk 0:31:17]} Rxb4 {[%clk 0:39:22]} 41. Rhd1
{[%clk 0:23:31]} Qxc5 {[%clk 0:37:19]} 42. Rd8+ {[%clk 0:18:13]} Kh7
{[%clk 0:37:47]} 43. Qa2 {[%clk 0:16:01]} Rc4 {[%clk 0:13:53]} 44. Rc1
{[%clk 0:15:53]} Qc7 {[%clk 0:14:07]} 45. Qxc4 {[%clk 0:15:12]} Qxd8
{[%clk 0:13:35]} 46. Qe2 {[%clk 0:14:13]} Qd6 {[%clk 0:19:15]} 47. Kh1
{[%clk 0:13:35]} Qg3 {[%clk 0:11:46]} 48. Qg2 {[%clk 0:13:43]} Qd6
{[%clk 0:12:05]} 49. g5 {[%clk 0:09:42]} 1/2-1/2

[Event "Greek Championship 2018"]
[Site "Thessaloniki"]
[Date "2018.12.14"]
[Round "3.1"]
[White "Mastrovasilis, Athanasios"]
[Black "Kanakaris, Georgios"]
[Result "1/2-1/2"]
[BlackElo "2401"]
[WhiteElo "2510"]
[LiveChessVersion "1.4.8"]

1. Nf3 {[%clk 1:30:56]} Nf6 {[%clk 1:30:52]} 2. g3 {[%clk 1:31:11]} g6
{[%clk 1:31:16]} 3. b3 {[%clk 1:31:19]} Bg7 {[%clk 1:31:34]} 4. Bb2
{[%clk 1:31:39]} O-O {[%clk 1:31:23]} 5. Bg2 {[%clk 1:31:55]} a5 {[%clk 1:21:14]}
6. a4 {[%clk 1:27:57]} d5 {[%clk 1:16:39]} 7. d4 {[%clk 1:21:24]} Nc6
{[%clk 1:06:40]} 8. Nbd2 {[%clk 1:17:46]} Bf5 {[%clk 0:54:41]} 9. Nh4
{[%clk 1:03:05]} Be6 {[%clk 0:53:45]} 10. O-O {[%clk 0:57:07]} h6
{[%clk 0:31:53]} 11. Nhf3 {[%clk 0:49:31]} Nb4 {[%clk 0:25:49]} 12. Ne5
{[%clk 0:42:06]} Rc8 {[%clk 0:21:04]} 13. c3 {[%clk 0:34:18]} Na6
{[%clk 0:21:31]} 14. e3 {[%clk 0:33:30]} Nd7 {[%clk 0:19:52]} 15. Nd3
{[%clk 0:32:12]} c6 {[%clk 0:18:48]} 16. Nf4 {[%clk 0:32:03]} Nc7
{[%clk 0:19:13]} 17. c4 {[%clk 0:30:03]} Nf6 {[%clk 0:18:58]} 18. Nxe6
{[%clk 0:24:32]} Nxe6 {[%clk 0:18:25]} 19. Bh3 {[%clk 0:24:55]} Qd7
{[%clk 0:17:52]} 20. Qe1 {[%clk 0:19:21]} Ra8 {[%clk 0:15:33]} 21. Rc1
{[%clk 0:18:54]} Nh7 {[%clk 0:14:35]} 22. f4 {[%clk 0:16:12]} f5 {[%clk 0:14:57]}
23. cxd5 {[%clk 0:16:14]} cxd5 {[%clk 0:15:07]} 24. Nf3 {[%clk 0:16:26]} Nd8
{[%clk 0:13:07]} 25. Qe2 {[%clk 0:14:10]} Nc6 {[%clk 0:12:48]} 26. Qb5
{[%clk 0:10:30]} Rfc8 {[%clk 0:11:30]} 27. Ne5 {[%clk 0:10:11]} Bxe5
{[%clk 0:08:40]} 28. dxe5 {[%clk 0:10:33]} Nf8 {[%clk 0:09:04]} 29. Rfd1
{[%clk 0:09:39]} e6 {[%clk 0:08:04]} 30. Bf1 {[%clk 0:08:09]} Qe7
{[%clk 0:03:27]} 31. Rd2 {[%clk 0:05:54]} Nd7 {[%clk 0:03:30]} 32. Rdc2
{[%clk 0:05:02]} Rab8 {[%clk 0:03:05]} 33. Bd4 {[%clk 0:04:34]} Kf7
{[%clk 0:02:47]} 34. Bc5 {[%clk 0:03:01]} Nxc5 {[%clk 0:02:43]} 35. Rxc5
{[%clk 0:03:16]} Qd8 {[%clk 0:01:58]} 36. Bd3 {[%clk 0:01:48]} h5
{[%clk 0:02:05]} 37. R5c2 {[%clk 0:01:15]} Kg8 {[%clk 0:00:44]} 38. Bf1
{[%clk 0:01:00]} Kf7 {[%clk 0:01:10]} 39. Be2 {[%clk 0:01:03]} Kf8
{[%clk 0:00:43]} 40. Qc5+ {[%clk 0:31:15]} Kf7 {[%clk 0:30:37]} 41. Bb5
{[%clk 0:22:28]} Rc7 {[%clk 0:09:58]} 42. Bxc6 {[%clk 0:12:41]} Rxc6
{[%clk 0:09:41]} 43. Qa7 {[%clk 0:12:48]} Rxc2 {[%clk 0:07:35]} 44. Rxc2
{[%clk 0:13:13]} Ke8 {[%clk 0:07:57]} 45. Kg2 {[%clk 0:07:40]} Rc8
{[%clk 0:05:39]} 46. Rc5 {[%clk 0:06:46]} Rxc5 {[%clk 0:03:38]} 47. Qxc5
{[%clk 0:07:14]} Kf7 {[%clk 0:02:41]} 48. Kf3 {[%clk 0:03:53]} b6
{[%clk 0:01:56]} 49. Qc3 {[%clk 0:02:27]} Qd7 {[%clk 0:01:59]} 50. Ke2
{[%clk 0:02:26]} Qb7 {[%clk 0:02:12]} 51. Kd2 {[%clk 0:02:40]} Ke8
{[%clk 0:01:59]} 52. b4 {[%clk 0:01:56]} axb4 {[%clk 0:01:07]} 53. Qxb4
{[%clk 0:02:25]} Qc6 {[%clk 0:01:24]} 54. a5 {[%clk 0:02:00]} bxa5
{[%clk 0:01:39]} 55. Qxa5 {[%clk 0:02:25]} Qb7 {[%clk 0:01:45]} 56. Qa4+
{[%clk 0:02:25]} Kf7 {[%clk 0:01:34]} 57. Qa3 {[%clk 0:02:00]} Qb6
{[%clk 0:01:12]} 58. Qc3 {[%clk 0:01:57]} Qa7 {[%clk 0:00:53]} 59. Ke1
{[%clk 0:01:44]} Qb7 {[%clk 0:00:46]} 60. Kf2 {[%clk 0:01:57]} Kg7
{[%clk 0:00:50]} 61. Qc5 {[%clk 0:01:39]} Kf7 {[%clk 0:00:45]} 62. Qa3
{[%clk 0:01:28]} Kg7 {[%clk 0:01:05]} 63. Kg1 {[%clk 0:00:58]} h4
{[%clk 0:00:46]} 64. gxh4 {[%clk 0:01:18]} Qb1+ {[%clk 0:01:06]} 65. Kf2
{[%clk 0:01:35]} Qc2+ {[%clk 0:01:29]} 66. Kg3 {[%clk 0:01:17]} Qd1
{[%clk 0:01:22]} 67. Qe7+ {[%clk 0:01:17]} Kh6 {[%clk 0:01:46]} 68. Qf8+
{[%clk 0:01:10]} Kh7 {[%clk 0:02:11]} 69. Qf7+ {[%clk 0:01:07]} Kh6
{[%clk 0:02:35]} 70. Qf8+ {[%clk 0:01:04]} Kh7 {[%clk 0:02:59]} 71. Qe7+ 1/2-1/2

[Event "Greek Championship 2018"]
[Site "Thessaloniki"]
[Date "2018.12.14"]
[Round "3.2"]
[White "Grivas, Efstratios"]
[Black "Skaperdas, Kostantinos"]
[Result "1-0"]
[BlackElo "2231"]
[WhiteElo "2424"]
[LiveChessVersion "1.4.8"]

1. c4 {[%clk 1:30:10]} e6 {[%clk 1:30:44]} 2. g3 {[%clk 1:29:54]} d5
{[%clk 1:30:13]} 3. Bg2 {[%clk 1:30:10]} g6 {[%clk 1:24:08]} 4. Nf3
{[%clk 1:22:34]} Bg7 {[%clk 1:24:09]} 5. O-O {[%clk 1:22:26]} Ne7
{[%clk 1:24:37]} 6. d4 {[%clk 1:19:10]} Nbc6 {[%clk 1:24:20]} 7. cxd5
{[%clk 1:11:27]} exd5 {[%clk 1:24:37]} 8. Nc3 {[%clk 1:11:38]} O-O
{[%clk 1:24:35]} 9. Bf4 {[%clk 1:03:08]} Bg4 {[%clk 1:24:52]} 10. Ne5
{[%clk 1:01:43]} Nxe5 {[%clk 1:25:21]} 11. Bxe5 {[%clk 1:01:51]} c6
{[%clk 1:22:16]} 12. Bxg7 {[%clk 0:57:32]} Kxg7 {[%clk 1:22:38]} 13. Qd2
{[%clk 0:56:08]} Qd7 {[%clk 1:11:01]} 14. b4 {[%clk 0:44:41]} Rfe8
{[%clk 0:59:10]} 15. a4 {[%clk 0:43:00]} Nc8 {[%clk 0:51:03]} 16. e4
{[%clk 0:39:27]} Nb6 {[%clk 0:46:07]} 17. a5 {[%clk 0:25:44]} Nc4
{[%clk 0:46:34]} 18. Qf4 {[%clk 0:26:05]} Be6 {[%clk 0:43:36]} 19. exd5
{[%clk 0:20:37]} cxd5 {[%clk 0:35:28]} 20. h4 {[%clk 0:20:56]} h5
{[%clk 0:33:30]} 21. Rfc1 {[%clk 0:18:15]} Rec8 {[%clk 0:26:33]} 22. Qf3
{[%clk 0:13:24]} Nd2 {[%clk 0:24:29]} 23. Qd1 {[%clk 0:13:51]} Nc4
{[%clk 0:24:20]} 24. Qd3 {[%clk 0:12:23]} Rc7 {[%clk 0:17:12]} 25. Ne2
{[%clk 0:08:22]} Rac8 {[%clk 0:12:40]} 26. Nf4 {[%clk 0:08:20]} Bf5
{[%clk 0:07:51]} 27. Qd1 {[%clk 0:06:03]} Be6 {[%clk 0:03:01]} 28. Qe2
{[%clk 0:05:39]} Bg4 {[%clk 0:02:59]} 29. Qa2 {[%clk 0:05:55]} Be6
{[%clk 0:02:17]} 30. Rc2 {[%clk 0:05:46]} Qd6 {[%clk 0:00:38]} 31. Re1
{[%clk 0:05:19]} Qxb4 {[%clk 0:00:46]} 32. Rxe6 {[%clk 0:05:20]} fxe6
{[%clk 0:00:40]} 33. Nxe6+ {[%clk 0:05:43]} Kh7 {[%clk 0:00:49]} 34. Nxc7
{[%clk 0:06:02]} Rxc7 {[%clk 0:01:15]} 35. Bxd5 {[%clk 0:06:13]} Qe1+
{[%clk 0:00:35]} 36. Kg2 {[%clk 0:05:07]} Nd2 {[%clk 0:00:37]} 37. Rxd2
{[%clk 0:04:48]} Rc1 {[%clk 0:00:52]} 38. Kh3 {[%clk 0:05:05]} 1-0

[Event "Greek Championship 2018"]
[Site "Thessaloniki"]
[Date "2018.12.14"]
[Round "3.3"]
[White "Makka, Evanthia"]
[Black "Nikolaidis, Ioannis"]
[Result "1-0"]
[BlackElo "2564"]
[WhiteElo "2084"]
[LiveChessVersion "1.4.8"]

1. d4 {[%clk 1:30:38]} d5 {[%clk 1:30:12]} 2. Nf3 {[%clk 1:30:58]} e6
{[%clk 1:30:16]} 3. c4 {[%clk 1:22:35]} dxc4 {[%clk 1:28:12]} 4. e3
{[%clk 1:22:47]} a6 {[%clk 1:28:34]} 5. a4 {[%clk 1:18:34]} Nf6 {[%clk 1:27:46]}
6. Bxc4 {[%clk 1:18:01]} b6 {[%clk 1:25:18]} 7. O-O {[%clk 1:14:17]} Bb7
{[%clk 1:25:05]} 8. Nc3 {[%clk 1:13:13]} Bb4 {[%clk 1:23:48]} 9. Qe2
{[%clk 0:58:11]} O-O {[%clk 1:23:03]} 10. Rd1 {[%clk 0:57:40]} Nbd7
{[%clk 1:14:15]} 11. Bd3 {[%clk 0:49:31]} Qe7 {[%clk 0:53:04]} 12. e4
{[%clk 0:43:10]} h6 {[%clk 0:49:51]} 13. Na2 {[%clk 0:39:17]} c5 {[%clk 0:46:13]}
14. Nxb4 {[%clk 0:36:33]} cxb4 {[%clk 0:46:38]} 15. Bd2 {[%clk 0:21:26]} a5
{[%clk 0:45:58]} 16. Bf4 {[%clk 0:18:40]} Rfc8 {[%clk 0:44:34]} 17. Qe3
{[%clk 0:15:19]} Ba6 {[%clk 0:40:00]} 18. Bb1 {[%clk 0:11:23]} Ne8
{[%clk 0:28:17]} 19. e5 {[%clk 0:07:04]} Nf8 {[%clk 0:23:31]} 20. d5
{[%clk 0:05:23]} exd5 {[%clk 0:23:01]} 21. Nd4 {[%clk 0:05:03]} Ne6
{[%clk 0:22:01]} 22. Nf5 {[%clk 0:05:07]} Qf8 {[%clk 0:19:26]} 23. Bxh6
{[%clk 0:03:51]} f6 {[%clk 0:15:46]} 24. Qh3 {[%clk 0:01:10]} Rc7
{[%clk 0:12:31]} 25. Ne3 {[%clk 0:00:38]} Bc8 {[%clk 0:10:07]} 26. Qg3
{[%clk 0:00:35]} fxe5 {[%clk 0:09:19]} 27. Nxd5 {[%clk 0:00:57]} Nd4
{[%clk 0:06:10]} 28. Rxd4 {[%clk 0:00:36]} exd4 {[%clk 0:06:23]} 29. Nxc7
{[%clk 0:00:55]} Nxc7 {[%clk 0:06:27]} 30. Qxc7 {[%clk 0:01:03]} Be6
{[%clk 0:05:44]} 31. Be4 {[%clk 0:00:36]} Re8 {[%clk 0:05:11]} 32. Qg3
{[%clk 0:00:39]} Bc4 {[%clk 0:04:40]} 33. Bg6 {[%clk 0:00:39]} Re6
{[%clk 0:03:43]} 34. Bd2 {[%clk 0:00:47]} Qd6 {[%clk 0:02:10]} 35. Qxd6
{[%clk 0:00:57]} Rxd6 {[%clk 0:02:38]} 36. Be4 {[%clk 0:01:15]} d3
{[%clk 0:02:54]} 37. f3 {[%clk 0:01:31]} Bb3 {[%clk 0:02:56]} 38. Kf2
{[%clk 0:01:29]} Bc2 {[%clk 0:03:10]} 39. Ke3 {[%clk 0:01:35]} Kf7
{[%clk 0:03:15]} 40. h4 {[%clk 0:31:45]} g6 {[%clk 0:33:28]} 41. g4
{[%clk 0:32:08]} Kg7 {[%clk 0:33:51]} 42. f4 {[%clk 0:32:14]} Re6
{[%clk 0:33:48]} 43. h5 {[%clk 0:30:17]} gxh5 {[%clk 0:34:12]} 44. g5
{[%clk 0:30:40]} Re8 {[%clk 0:34:01]} 45. f5 {[%clk 0:30:59]} h4 {[%clk 0:34:15]}
46. f6+ {[%clk 0:30:49]} Kf7 {[%clk 0:34:43]} 47. Rf1 {[%clk 0:31:04]} Bxa4
{[%clk 0:34:38]} 48. g6+ {[%clk 0:31:27]} 1-0